=LDR 00000nam 2200000 4500 =001 INLIS000000000028983 =005 20130612131242 =008 ***********************************ind** =035 ##$$0010-061300000028983 =041 ##$$a ind =082 ##$$a F.Rom.D =090 ##$$a F.Rom.D, Sha c =100 ##$$a Shahab, Ali =245 ##$$a Rumah Masa Depan episode kedua, Anak Lurah, Ali Shahab =260 ##$$a 1986 $b Bandung =300 ##$$a 145 hlm., 18 cm =650 ##$$a Cerita Remaja =850 ##$$a NBPNMAT